000 00910cam a2200277 a 4500
001 17455812
005 20241030183327.0
006 m |o d |
007 cr_|||||||||||
008 120907s2013 cau ob 001 0 eng
020 _a9781118237366 (epub)
020 _a9781118224236 (pdf)
020 _a9781118262375 ( mobipocket)
020 _z9781118109878 (cloth)
050 0 0 _aHD2769
_b.15.T76
082 0 0 _a658.4/22
_223
100 1 _aTrower, Cathy A.
_q(Cathy Ann)
245 1 4 _aThe practitioner's guide to governance as leadership
_bbuilding high-performing nonprofit boards /
_cCathy A. Trower.
250 _a1st ed.
260 _aSan Francisco :
_bJossey-Bass,
_cc2013.
300 _axxiv, 243 pages
_bIndex, Illustrations
_c24cm
650 0 _aNonprofit organizations
_xManagement.
650 0 _aCorporate governance.
650 0 _aDirectors of corporations.
942 _2lcc
_cBK
_e1st
_n0
999 _c408
_d408